[Event "Muensterland Verbandsliga Gr1 2223"]
[Site "Germany"]
[Date "2022.10.22"]
[Round "2.5"]
[White "Austermann, Reinhold"]
[Black "Fuhrmann, Andreas"]
[Result "1/2-1/2"]
[WhiteElo "1794"]
[BlackElo "1640"]
[PlyCount "101"]
[EventDate "2022.09.10"]
[EventType "team-tourn"]
[EventRounds "5"]
[EventCountry "GER"]
[SourceTitle "EXT 2024"]
[Source "ChessBase"]
[SourceDate "2023.10.10"]
[SourceVersion "1"]
[SourceVersionDate "2023.10.10"]
[SourceQuality "1"]
[WhiteTeam "Beelen"]
[BlackTeam "Emsdetten Rochade II"]
[WhiteTeamCountry "GER"]
[BlackTeamCountry "GER"]

1. d4 d5 2. e3 Nf6 3. Bd3 c5 4. c3 Nc6 5. f4 cxd4 6. exd4 g6 7. Nf3 Bg7 8. 0-0 0-0 9. Qe1 Qc7 10. Ne5 Ng4 11. Nd2 f6 12. Nxg4 Bxg4 13. f5 Bxf5 14. Bxf5 gxf5 15. Qe6+ Kh8 16. Qxd5 f4 17. Ne4 e5 18. dxe5 fxe5 19. Ng5 Qe7 20. Ne6 Rfe8 21. Nxg7 Qxg7 22. b3 Rad8 23. Qe4 Rg8 24. Bb2 Rd2 25. Rf2 Rxf2 26. Kxf2 Rd8 27. Re1 Rd2+ 28. Re2 Rxe2+ 29. Kxe2 Qg4+ 30. Ke1 Qh4+ 31. Kd1 Qxh2 32. c4 Qg1+ 33. Ke2 Qe3+ 34. Qxe3 fxe3 35. Kxe3 Kg7 36. a3 Kf6 37. b4 Kf5 38. c5 a6 39. Bc3 h5 40. a4 Ne7 41. Be1 Nd5+ 42. Kf3 e4+ 43. Kg3 Ke5 44. b5 axb5 45. axb5 Kd4 46. c6 bxc6 47. bxc6 Kc5 48. Kh4 Kxc6 49. Kxh5 Nf4+ 50. Kg4 Nxg2 51. Bf2 1/2-1/2

[Event "Muensterland Verbandsliga Gr1 2223"]
[Site "Germany"]
[Date "2022.09.10"]
[Round "1.5"]
[White "Austermann, Reinhold"]
[Black "Nuerenberg, Bernd"]
[Result "1/2-1/2"]
[WhiteElo "1794"]
[BlackElo "1706"]
[PlyCount "42"]
[EventDate "2022.09.10"]
[EventType "team-tourn"]
[EventRounds "5"]
[EventCountry "GER"]
[SourceTitle "EXT 2024"]
[Source "ChessBase"]
[SourceDate "2023.10.10"]
[SourceVersion "1"]
[SourceVersionDate "2023.10.10"]
[SourceQuality "1"]
[WhiteTeam "Beelen"]
[BlackTeam "Nienberge II"]
[WhiteTeamCountry "GER"]
[BlackTeamCountry "GER"]

1. d4 Nf6 2. e3 g6 3. Bd3 Bg7 4. c3 d5 5. Nd2 0-0 6. f4 Ng4 7. Qe2 f5 8. Ngf3 a6 9. 0-0 Nd7 10. Ne5 Ngxe5 11. fxe5 c5 12. Nf3 c4 13. Bc2 b5 14. Ng5 Nb6 15. Nh3 e6 16. Bd2 Bd7 17. Nf4 Qe7 18. g3 Bh6 19. Ng2 Kh8 20. Kh1 Bc6 21. Rad1 Rf7 1/2-1/2

[Event "Muensterland Verbandsliga 2122"]
[Site "Germany"]
[Date "2021.11.13"]
[Round "2.5"]
[White "Fehlings, Gerd"]
[Black "Austermann, Reinhold"]
[Result "1/2-1/2"]
[WhiteElo "1720"]
[BlackElo "1764"]
[PlyCount "94"]
[EventDate "2021.10.02"]
[EventType "team-tourn"]
[EventRounds "2"]
[EventCountry "GER"]
[SourceTitle "EXT 2023"]
[Source "ChessBase"]
[SourceDate "2022.10.05"]
[SourceVersion "1"]
[SourceVersionDate "2022.10.05"]
[SourceQuality "1"]
[WhiteTeam "Emsdetten Rochade II"]
[BlackTeam "Beelen"]
[WhiteTeamCountry "GER"]
[BlackTeamCountry "GER"]

1. d4 d5 2. c4 e6 3. g3 c6 4. Bg2 Bd6 5. Nh3 f5 6. 0-0 Nf6 7. Bf4 0-0 8. Nd2 Qe7 9. Bxd6 Qxd6 10. Nf3 Nbd7 11. Qc2 Ne4 12. cxd5 exd5 13. Nf4 Ndf6 14. Nd3 Be6 15. Nfe5 Nd7 16. Nxd7 Qxd7 17. Rac1 Qe7 18. f3 Nd6 19. b3 Bd7 20. Rfe1 Qe3+ 21. Kh1 Qxd4 22. Nc5 Bc8 23. Rcd1 Qf6 24. e4 fxe4 25. fxe4 dxe4 26. Nxe4 Nxe4 27. Qxe4 Bf5 28. Qb4 Rab8 29. Qc4+ Qf7 30. Qc5 Be6 31. Rf1 Qc7 32. Qxa7 Rfe8 33. Qc5 Ra8 34. Rd2 Ra5 35. Qc3 Rh5 36. Rdf2 Qd6 37. Rd2 Bd5 38. Bxd5+ Rxd5 39. Qc4 b5 40. Rxd5 Qxd5+ 41. Qxd5+ cxd5 42. Rd1 Re5 43. a4 bxa4 44. bxa4 Kf7 45. Kg2 Re2+ 46. Kf3 Ra2 47. Rxd5 Rxa4 1/2-1/2

[Event "Muensterland Verbandsliga 1819"]
[Site "Germany"]
[Date "2019.03.16"]
[Round "8.6"]
[White "Austermann, Reinhold"]
[Black "Brands, Julian"]
[Result "0-1"]
[WhiteElo "1820"]
[BlackElo "1699"]
[PlyCount "106"]
[EventDate "2018.09.01"]
[EventType "team-tourn"]
[EventRounds "9"]
[EventCountry "GER"]
[SourceTitle "EXT 2020"]
[Source "ChessBase"]
[SourceDate "2019.10.17"]
[SourceVersion "1"]
[SourceVersionDate "2019.10.17"]
[SourceQuality "1"]
[WhiteTeam "Beelen"]
[BlackTeam "Gescher"]
[WhiteTeamCountry "GER"]
[BlackTeamCountry "GER"]

1. d4 Nf6 2. e3 e6 3. Bd3 b6 4. f4 Bb7 5. Nf3 Be7 6. 0-0 0-0 7. Nbd2 d5 8. Ne5 c5 9. c3 g6 10. Rf3 Ne4 11. Rh3 f5 12. Ndf3 Nd7 13. Bd2 Bf6 14. Nxd7 Qxd7 15. Be1 Rf7 16. Bh4 Qd8 17. Bxf6 Nxf6 18. Ne5 Rg7 19. Qe1 Nd7 20. Nf3 Rc8 21. Rh6 Qe7 22. Qg3 Bc6 23. Rf1 c4 24. Bc2 b5 25. Qe1 a5 26. a3 Rb8 27. Ng5 Nf8 28. Qd1 b4 29. axb4 axb4 30. Qd2 bxc3 31. Qxc3 Qb7 32. Rb1 Qb4 33. Qxb4 Rxb4 34. b3 Rgb7 35. Rb2 cxb3 36. Bb1 Rc4 37. Nf3 Ba4 38. Ne1 Nd7 39. Nd3 Rc3 40. Kf2 Bb5 41. Ke2 Nb6 42. Rd2 Nc4 43. Rd1 Nb2 44. Kd2 Nxd1 45. Nc5 Ra7 46. Kxd1 Rxe3 47. Kd2 Re2+ 48. Kc3 b2 49. Nb3 Bc4 50. Nd2 Rb7 51. Rh3 Re1 52. Bc2 Rc1 53. Nb1 Bb3 0-1

[Event "Muensterland Verbandsklasse 1617"]
[Site "Germany"]
[Date "2016.12.10"]
[Round "4.7"]
[White "Austermann, Reinhold"]
[Black "Barlage, Stefan"]
[Result "1-0"]
[WhiteElo "1780"]
[BlackElo "1123"]
[PlyCount "35"]
[EventDate "2016.09.24"]
[EventType "team"]
[EventRounds "9"]
[EventCountry "GER"]
[SourceTitle "EXT 2018"]
[Source "ChessBase"]
[SourceDate "2017.10.13"]
[SourceVersion "1"]
[SourceVersionDate "2017.10.13"]
[SourceQuality "1"]
[WhiteTeam "Beelen II"]
[BlackTeam "Neuenkirchen II"]
[WhiteTeamCountry "GER"]
[BlackTeamCountry "GER"]

1. d4 Nf6 2. e3 d5 3. Bd3 e6 4. Nd2 Bd6 5. f4 0-0 6. Qe2 Nc6 7. c3 Ne7 8. Ngf3 Nf5 9. Ne5 b6 10. 0-0 c5 11. Rf3 Ne4 12. Nxe4 dxe4 13. Bxe4 Bd7 14. Nxd7 Qxd7 15. Bxa8 Rxa8 16. e4 Nh4 17. Rh3 h6 18. Rxh4 1-0